000 00965nam a22003137i 4500
003 EG-GICUC
005 20260121101451.0
008 251211s1974 -uk||||fr|||| 00| 0 eng d
040 _aEG-GiCUC
_beng
_cEG-GiCUC
_dEG-GiCUC
_erda
041 _aeng
082 0 4 _221
_a341.23
_bSM . C
092 0 4 _221
099 _aLaw1 11 341.23 SM . C 1947
100 1 _aSmith, H. A.
_eAuthor.
245 1 4 _aThe crisis in the law of nations /
_bH. A. Smith.
264 1 _aLondon :
_bStevens & Sons,
_c1947.
300 _a102 pages ;
_c24 cm.
336 _2rda content
_atext
337 _2rda media
_aComputer
338 _2rda carrier
_aOnline Resource
490 0 _aThe Library Of World Affairs ;
_vno. 4.
504 _aBibliographic references
546 _aText in English
650 1 4 _aNations
_xInternational law
_2qrmak
651 1 _2qrmak
856 4 0 _uhttps://fll.law.cu.edu.eg/fulltext/bks/B11-05065.pdf
905 _a75
_eHassnaa
942 _2ddc
_cBK
_e21
_n0
999 _c49794
_d49794